000 00544nam a2200181 4500
001 148375
003 ES-MaACL
005 20230906202605.0
007 t|
008 070214s1956 sp r ||||1| spa d
100 1 _aStrandberg, Olle.
_9108368
245 1 0 _aAfrica inquieta /
_cO. Strandberg ; [traducción de Juan G. de Luaces].
250 _a[1ª ed.].
260 _aBarcelona :
_bJuventud,
_c[1956] (
_fR. Plana)
300 _a208 p., 16 lám. ;
_c22 cm.
700 1 _aLuaces, Juan G. de.
_974483
852 _aES-MaACL
_jC-10261
_bR.38636
999 _c148375
_d148375